[Event "Bundesliga 0001"]
[Site "Deutschland"]
[Date "2001.02.17"]
[Round "8.7"]
[White "Hackel, Mario"]
[Black "Meins, Gerlef"]
[Result "0-1"]
[WhiteElo "2338"]
[BlackElo "2426"]
[PlyCount "96"]
[EventDate "2000.10.14"]
[EventType "team"]
[EventRounds "15"]
[EventCountry "GER"]
[SourceTitle "Bundesliga 0001"]
[Source "DeepChess"]
[SourceDate "2005.01.01"]
[SourceVersion "1"]
[SourceVersionDate "2005.01.01"]
[SourceQuality "1"]
[WhiteTeam "SK Koenig Plauen"]
[BlackTeam "SAbt SV Werder Bremen"]
[WhiteTeamCountry "GER"]
[BlackTeamCountry "GER"]

1. d4 g6 2. c4 Bg7 3. Nc3 d6 4. e4 Nc6 5. Be3 Nf6 6. h3 e5 7. d5 Nd4 8. Nge2
Qe7 9. Qd3 Nd7 10. Qd2 Nxe2 11. Bxe2 O-O 12. g4 f5 13. gxf5 gxf5 14. Bg5 Qf7
15. Rg1 Kh8 16. O-O-O Nf6 17. Bd3 fxe4 18. Nxe4 Nxe4 19. Bxe4 Qxf2 20. Qxf2
Rxf2 21. Rdf1 Rxf1+ 22. Rxf1 h6 23. Be3 Bxh3 24. Rh1 Bd7 25. Bxh6 Bxh6+ 26.
Rxh6+ Kg8 27. Rh7 Rd8 28. Kd2 c6 29. Re7 c5 30. Ke3 a6 31. Rh7 b5 32. Rh6 Be8
33. cxb5 axb5 34. a3 Bf7 35. Kd3 Kg7 36. Rh7+ Kf6 37. Rh6+ Ke7 38. b4 c4+ 39.
Kc3 Rg8 40. Rh7 Rg4 41. Bf5 Rg3+ 42. Kb2 Kf6 43. Be4 Rb3+ 44. Ka2 Re3 45. Rh6+
Kg5 46. Rh7 Rxe4 47. Rxf7 Re2+ 48. Kb1 Rd2 0-1

[Event "Bundesliga 0001"]
[Site "Deutschland"]
[Date "2001.02.17"]
[Round "8.8"]
[White "Heissler, Jakob"]
[Black "Haskamp, Stephan"]
[Result "0-1"]
[WhiteElo "2447"]
[BlackElo "2290"]
[PlyCount "71"]
[EventDate "2000.10.14"]
[EventType "team"]
[EventRounds "15"]
[EventCountry "GER"]
[SourceTitle "Bundesliga 0001"]
[Source "DeepChess"]
[SourceDate "2005.01.01"]
[SourceVersion "1"]
[SourceVersionDate "2005.01.01"]
[SourceQuality "1"]
[WhiteTeam "SAbt SV Werder Bremen"]
[BlackTeam "SK Koenig Plauen"]
[WhiteTeamCountry "GER"]
[BlackTeamCountry "GER"]

1. e4 d6 2. d4 Nf6 3. Nd2 e5 4. dxe5 dxe5 5. Ngf3 Bc5 6. Bc4 O-O 7. O-O Qe7 8.
c3 a5 9. Qe2 a4 10. b4 axb3 11. Nxb3 Ba3 12. Bg5 Nbd7 13. Rab1 Nb6 14. Bd3 h6
15. Bh4 Bd6 16. Qc2 g5 17. Bg3 Nxe4 18. Bxe4 f5 19. Nbd2 f4 20. c4 fxg3 21.
hxg3 Kg7 22. Bd3 Nd7 23. Ne4 b6 24. Rfe1 Ra3 25. Re2 Bb7 26. Rb3 Rfa8 27. Rxa3
Rxa3 28. Nfd2 Nc5 29. Nxc5 Bxc5 30. Nb3 Qd6 31. Be4 Bc8 32. Rd2 Qe7 33. Nxc5
Qxc5 34. Rd5 Qb4 35. Rxe5 Kf6 36. Rb5 0-1

[Event "Bundesliga 0001"]
[Site "Deutschland"]
[Date "2001.02.17"]
[Round "8.2"]
[White "Doettling, Fabian"]
[Black "Stohl, Igor"]
[Result "1/2-1/2"]
[WhiteElo "2473"]
[BlackElo "2578"]
[PlyCount "28"]
[EventDate "2000.10.14"]
[EventType "team"]
[EventRounds "15"]
[EventCountry "GER"]
[SourceTitle "Bundesliga 0001"]
[Source "DeepChess"]
[SourceDate "2005.01.01"]
[SourceVersion "1"]
[SourceVersionDate "2005.01.01"]
[SourceQuality "1"]
[WhiteTeam "SF 1982 Baiertal Schatthausen"]
[BlackTeam "SF Neukoelln 03 e.V."]
[WhiteTeamCountry "GER"]
[BlackTeamCountry "GER"]

1. d4 Nf6 2. c4 c6 3. Nc3 d5 4. e3 a6 5. Nf3 b5 6. b3 Bg4 7. Be2 e6 8. O-O Nbd7
9. Bb2 Bd6 10. h3 Bh5 11. Ne5 Bxe2 12. Nxe2 Qc7 13. cxd5 cxd5 14. Rc1 Qb8
1/2-1/2

[Event "Bundesliga 0001"]
[Site "Deutschland"]
[Date "2001.02.17"]
[Round "8.3"]
[White "Bunzmann, Dimitrij"]
[Black "Berg, Emanuel"]
[Result "1-0"]
[WhiteElo "2484"]
[BlackElo "2456"]
[PlyCount "61"]
[EventDate "2000.10.14"]
[EventType "team"]
[EventRounds "15"]
[EventCountry "GER"]
[SourceTitle "Bundesliga 0001"]
[Source "DeepChess"]
[SourceDate "2005.01.01"]
[SourceVersion "1"]
[SourceVersionDate "2005.01.01"]
[SourceQuality "1"]
[WhiteTeam "SF Neukoelln 03 e.V."]
[BlackTeam "SF 1982 Baiertal Schatthausen"]
[WhiteTeamCountry "GER"]
[BlackTeamCountry "GER"]

1. d4 f5 2. c4 Nf6 3. Nc3 g6 4. h4 Bg7 5. h5 Nxh5 6. e4 Nf6 7. Bd3 d6 8. exf5
Bxf5 9. Bxf5 gxf5 10. Nf3 Qd7 11. Qe2 Ng4 12. d5 Na6 13. Be3 Bxc3+ 14. bxc3
Nxe3 15. Qxe3 Nc5 16. Ng5 Rg8 17. Rxh7 f4 18. Qh3 O-O-O 19. Rxe7 Qxh3 20. Nxh3
Rxg2 21. Ke2 Rf8 22. Kf3 Rh2 23. Ng5 Nd3 24. Ke2 Nxf2 25. Nf3 Rg2 26. Kf1 Rfg8
27. Re2 R2g3 28. Rxf2 Re8 29. Re1 Re3 30. Nd2 Rxc3 31. Ne4 1-0

[Event "Bundesliga 0001"]
[Site "Deutschland"]
[Date "2001.02.17"]
[Round "8.4"]
[White "Buhmann, Rainer"]
[Black "Berndt, Stephan"]
[Result "1/2-1/2"]
[WhiteElo "2416"]
[BlackElo "2478"]
[PlyCount "33"]
[EventDate "2000.10.14"]
[EventType "team"]
[EventRounds "15"]
[EventCountry "GER"]
[SourceTitle "Bundesliga 0001"]
[Source "DeepChess"]
[SourceDate "2005.01.01"]
[SourceVersion "1"]
[SourceVersionDate "2005.01.01"]
[SourceQuality "1"]
[WhiteTeam "SF 1982 Baiertal Schatthausen"]
[BlackTeam "SF Neukoelln 03 e.V."]
[WhiteTeamCountry "GER"]
[BlackTeamCountry "GER"]

1. Nf3 Nf6 2. c4 g6 3. Nc3 d5 4. cxd5 Nxd5 5. e4 Nxc3 6. dxc3 Qxd1+ 7. Kxd1 f6
8. Be3 e5 9. Nd2 Be6 10. Bc4 Bxc4 11. Nxc4 Nd7 12. Kc2 Bc5 13. Rhd1 Bxe3 14.
Nxe3 O-O-O 15. f3 Nc5 16. h4 c6 17. g3 1/2-1/2

[Event "Bundesliga 0001"]
[Site "Deutschland"]
[Date "2001.02.17"]
[Round "8.5"]
[White "Brynell, Stellan"]
[Black "Maier, Christian"]
[Result "1/2-1/2"]
[WhiteElo "2484"]
[BlackElo "2351"]
[PlyCount "57"]
[EventDate "2000.10.14"]
[EventType "team"]
[EventRounds "15"]
[EventCountry "GER"]
[SourceTitle "Bundesliga 0001"]
[Source "DeepChess"]
[SourceDate "2005.01.01"]
[SourceVersion "1"]
[SourceVersionDate "2005.01.01"]
[SourceQuality "1"]
[WhiteTeam "SF Neukoelln 03 e.V."]
[BlackTeam "SF 1982 Baiertal Schatthausen"]
[WhiteTeamCountry "GER"]
[BlackTeamCountry "GER"]

1. e4 e6 2. d4 d5 3. Nd2 Nf6 4. e5 Nfd7 5. c3 c5 6. Bd3 Nc6 7. Ne2 cxd4 8. cxd4
f6 9. exf6 Qxf6 10. Nf3 Bd6 11. O-O O-O 12. Bg5 Qf7 13. Bh4 e5 14. dxe5 Ndxe5
15. Nxe5 Bxe5 16. Qd2 Bg4 17. Bg3 Bxe2 18. Bxe2 Bxg3 19. hxg3 Rad8 20. Rac1 Qf6
21. b4 d4 22. Bf3 d3 23. Rfe1 Rd7 24. Rc5 Nd4 25. Qxd3 Nxf3+ 26. Qxf3 Qxf3 27.
gxf3 Rxf3 28. Kg2 Ra3 29. Re2 1/2-1/2

[Event "Bundesliga 0001"]
[Site "Deutschland"]
[Date "2001.02.17"]
[Round "8.6"]
[White "Duppel, Matthias"]
[Black "Poldauf, Dirk"]
[Result "1-0"]
[WhiteElo "2376"]
[BlackElo "2421"]
[PlyCount "73"]
[EventDate "2000.10.14"]
[EventType "team"]
[EventRounds "15"]
[EventCountry "GER"]
[SourceTitle "Bundesliga 0001"]
[Source "DeepChess"]
[SourceDate "2005.01.01"]
[SourceVersion "1"]
[SourceVersionDate "2005.01.01"]
[SourceQuality "1"]
[WhiteTeam "SF 1982 Baiertal Schatthausen"]
[BlackTeam "SF Neukoelln 03 e.V."]
[WhiteTeamCountry "GER"]
[BlackTeamCountry "GER"]

1. e4 e6 2. d4 d5 3. Nc3 Bb4 4. e5 c5 5. a3 Bxc3+ 6. bxc3 Ne7 7. Nf3 Qa5 8. Bd2
Nbc6 9. h4 cxd4 10. cxd4 Qa4 11. Bd3 Nxd4 12. Kf1 Nec6 13. h5 Nxf3 14. Qxf3 Bd7
15. Qg3 Qd4 16. Re1 O-O-O 17. Rh4 Qb6 18. Qxg7 Rdg8 19. Qf6 Qd8 20. Bh6 Be8 21.
Rh3 Qxf6 22. exf6 e5 23. Bg7 e4 24. Bb5 Ne5 25. Bxe8 Rxe8 26. Bxh8 Rxh8 27. f3
Nc4 28. fxe4 Nd2+ 29. Kg1 Nxe4 30. c4 Rd8 31. cxd5 Nxf6 32. Rf3 Rd6 33. Re7
Nxd5 34. Rexf7 h6 35. Rh7 Nf6 36. Rxh6 Rd1+ 37. Rf1 1-0

[Event "Bundesliga 0001"]
[Site "Deutschland"]
[Date "2001.02.17"]
[Round "8.7"]
[White "Rudolf, Henrik"]
[Black "Meissner, Bernd Guenther"]
[Result "1/2-1/2"]
[WhiteElo "2308"]
[BlackElo "2372"]
[PlyCount "98"]
[EventDate "2000.10.14"]
[EventType "team"]
[EventRounds "15"]
[EventCountry "GER"]
[SourceTitle "Bundesliga 0001"]
[Source "DeepChess"]
[SourceDate "2005.01.01"]
[SourceVersion "1"]
[SourceVersionDate "2005.01.01"]
[SourceQuality "1"]
[WhiteTeam "SF Neukoelln 03 e.V."]
[BlackTeam "SF 1982 Baiertal Schatthausen"]
[WhiteTeamCountry "GER"]
[BlackTeamCountry "GER"]

1. e4 e5 2. Nf3 Nf6 3. Nxe5 d6 4. Nf3 Nxe4 5. d4 d5 6. Bd3 Nc6 7. O-O Be7 8. c4
Nb4 9. Be2 O-O 10. Nc3 Bf5 11. a3 Nxc3 12. bxc3 Nc6 13. Re1 Bf6 14. Bf4 dxc4
15. Bxc4 Na5 16. Ba2 c5 17. Ne5 cxd4 18. cxd4 Rc8 19. Rc1 Rxc1 20. Qxc1 Nc6 21.
Nxc6 bxc6 22. Be5 Bxe5 23. Rxe5 g6 24. Qe3 Qf6 25. Ra5 Bd7 26. h3 Re8 27. Qd2
Re4 28. Rxa7 Rxd4 29. Qh6 Be8 30. Qe3 Kg7 31. Bb3 Bd7 32. Ra4 c5 33. Rxd4 cxd4
34. Qe4 Bf5 35. Qd5 Be6 36. Qb5 Bxb3 37. Qxb3 Qe5 38. Kf1 Qe4 39. Qb4 h5 40. a4
Qd5 41. Qb5 Qe4 42. Qb4 Qf4 43. a5 Qc1+ 44. Ke2 Qc2+ 45. Qd2 Qe4+ 46. Kf1 Qb1+
47. Ke2 Qb5+ 48. Qd3 Qe5+ 49. Kf1 Qxa5 1/2-1/2

[Event "Bundesliga 0001"]
[Site "Deutschland"]
[Date "2001.02.17"]
[Round "8.8"]
[White "Balzar, Andreas"]
[Black "Thiede, Lars"]
[Result "1/2-1/2"]
[WhiteElo "2346"]
[BlackElo "2421"]
[PlyCount "95"]
[EventDate "2000.10.14"]
[EventType "team"]
[EventRounds "15"]
[EventCountry "GER"]
[SourceTitle "Bundesliga 0001"]
[Source "DeepChess"]
[SourceDate "2005.01.01"]
[SourceVersion "1"]
[SourceVersionDate "2005.01.01"]
[SourceQuality "1"]
[WhiteTeam "SF 1982 Baiertal Schatthausen"]
[BlackTeam "SF Neukoelln 03 e.V."]
[WhiteTeamCountry "GER"]
[BlackTeamCountry "GER"]

1. e4 g6 2. d4 Bg7 3. Nc3 d6 4. h4 c6 5. h5 Qb6 6. Nge2 e5 7. dxe5 dxe5 8. Be3
Qd8 9. Qxd8+ Kxd8 10. Rd1+ Ke8 11. Nc1 Nf6 12. hxg6 hxg6 13. Rxh8+ Bxh8 14. Nb3
b6 15. f3 Bg7 16. Nd2 Ba6 17. Nc4 Nh5 18. Kf2 Nf4 19. Nb1 Ne6 20. c3 Ke7 21. a4
Nc7 22. Nba3 Nd7 23. b4 Rd8 24. a5 Bxc4 25. Nxc4 b5 26. Nd2 a6 27. Nb3 Ne6 28.
g3 Ndf8 29. Rxd8 Kxd8 30. Bh3 Bf6 31. Bb6+ Ke8 32. Nc5 Nxc5 33. Bxc5 Nd7 34.
Bd6 Kd8 35. Ke3 g5 36. Bf5 Be7 37. Bxd7 Bxd6 38. Bxc6 Kc7 39. Bd5 f6 40. Kf2
Bf8 41. Kg2 g4 42. fxg4 Bh6 43. c4 Bd2 44. cxb5 axb5 45. Kf3 Bxb4 46. g5 fxg5
47. Kg4 Be1 48. Kxg5 1/2-1/2

[Event "Bundesliga 0001"]
[Site "Deutschland"]
[Date "2001.02.17"]
[Round "8.2"]
[White "Khalifman, Alexander"]
[Black "Nielsen, Peter Heine"]
[Result "1-0"]
[WhiteElo "2667"]
[BlackElo "2578"]
[PlyCount "95"]
[EventDate "2000.10.14"]
[EventType "team"]
[EventRounds "15"]
[EventCountry "GER"]
[SourceTitle "Bundesliga 0001"]
[Source "DeepChess"]
[SourceDate "2005.01.01"]
[SourceVersion "1"]
[SourceVersionDate "2005.01.01"]
[SourceQuality "1"]
[WhiteTeam "SG Porz e.V."]
[BlackTeam "SV Wattenscheid 1930"]
[WhiteTeamCountry "GER"]
[BlackTeamCountry "GER"]

1. e4 e5 2. Nf3 Nf6 3. Nxe5 d6 4. Nf3 Nxe4 5. d4 d5 6. Bd3 Nc6 7. O-O Be7 8. c4
Nb4 9. Be2 O-O 10. Nc3 Bf5 11. a3 Nxc3 12. bxc3 Nc6 13. Re1 dxc4 14. Bxc4 Bd6
15. Ng5 h6 16. Qf3 Qd7 17. Ne4 Rae8 18. Bd2 Na5 19. Nxd6 cxd6 20. Ba2 Be6 21.
d5 Bf5 22. c4 b6 23. Bxa5 bxa5 24. Qc3 Qc7 25. Bb3 Bd7 26. Bc2 Rxe1+ 27. Rxe1
Re8 28. Rb1 Rc8 29. Bd3 Qc5 30. Qb2 Kf8 31. h3 Rc7 32. Re1 Rc8 33. Rb1 Rc7 34.
Kh2 Rc8 35. Rc1 Qb6 36. Rb1 Qc5 37. h4 Rc7 38. Kg1 Rc8 39. g3 Rc7 40. Kg2 Rc8
41. Rc1 Qb6 42. Rb1 Qc5 43. Qc1 Re8 44. Qf4 Re7 45. Rb8+ Be8 46. Qf5 Qd4 47.
Qh7 g6 48. h5 1-0

[Event "Bundesliga 0001"]
[Site "Deutschland"]
[Date "2001.02.17"]
[Round "8.3"]
[White "Hall, Jesper"]
[Black "Van Wely, Loek"]
[Result "1-0"]
[WhiteElo "2498"]
[BlackElo "2643"]
[PlyCount "107"]
[EventDate "2000.10.14"]
[EventType "team"]
[EventRounds "15"]
[EventCountry "GER"]
[SourceTitle "Bundesliga 0001"]
[Source "DeepChess"]
[SourceDate "2005.01.01"]
[SourceVersion "1"]
[SourceVersionDate "2005.01.01"]
[SourceQuality "1"]
[WhiteTeam "SV Wattenscheid 1930"]
[BlackTeam "SG Porz e.V."]
[WhiteTeamCountry "GER"]
[BlackTeamCountry "GER"]

1. d4 Nf6 2. Bg5 e6 3. e4 h6 4. Bxf6 Qxf6 5. Nc3 d6 6. Qd2 c6 7. O-O-O e5 8.
Nf3 Be7 9. Kb1 a6 10. Be2 b5 11. h4 Nd7 12. Qe3 Rb8 13. g4 Nb6 14. g5 Qf4 15.
Qxf4 exf4 16. Rdg1 b4 17. Nd1 d5 18. e5 Nd7 19. gxh6 gxh6 20. b3 Nf8 21. Nb2
Ne6 22. Nd3 c5 23. dxc5 Bxc5 24. Nxc5 Nxc5 25. Nd4 Ne4 26. Rh2 Rb6 27. Bd3 Kf8
28. f3 Ng3 29. Kb2 Rg8 30. a3 bxa3+ 31. Kxa3 Ke7 32. Ne2 Rd8 33. Nxf4 Nf5 34.
Bxf5 Bxf5 35. Rd1 d4 36. Rhd2 Rb5 37. Rxd4 Rxd4 38. Rxd4 Rxe5 39. c4 Re1 40.
Nd5+ Ke6 41. Nc7+ Ke5 42. Rd5+ Kf4 43. Kb4 Bh3 44. Rh5 Kxf3 45. Rxh6 f5 46.
Rxa6 f4 47. Nd5 Be6 48. h5 Re5 49. Nf6 Ke2 50. h6 Bf5 51. h7 Bxh7 52. Nxh7 f3
53. Ra2+ Ke1 54. Nf6 1-0

[Event "Bundesliga 0001"]
[Site "Deutschland"]
[Date "2001.02.17"]
[Round "8.6"]
[White "Bacrot, Etienne"]
[Black "Straeter, Timo"]
[Result "1/2-1/2"]
[WhiteElo "2613"]
[BlackElo "2370"]
[PlyCount "56"]
[EventDate "2000.10.14"]
[EventType "team"]
[EventRounds "15"]
[EventCountry "GER"]
[SourceTitle "Bundesliga 0001"]
[Source "DeepChess"]
[SourceDate "2005.01.01"]
[SourceVersion "1"]
[SourceVersionDate "2005.01.01"]
[SourceQuality "1"]
[WhiteTeam "SG Porz e.V."]
[BlackTeam "SV Wattenscheid 1930"]
[WhiteTeamCountry "GER"]
[BlackTeamCountry "GER"]

1. d4 f5 2. Nf3 Nf6 3. c4 e6 4. Nc3 d5 5. cxd5 exd5 6. Bf4 c6 7. e3 Be7 8. Bd3
O-O 9. O-O Ne4 10. h3 Be6 11. Ne5 Nd7 12. f3 Nd6 13. Qe2 Qe8 14. g4 Nxe5 15.
Bxe5 Nc4 16. f4 Nxe5 17. fxe5 fxg4 18. Rxf8+ Bxf8 19. hxg4 Qd7 20. g5 Bf5 21.
Bxf5 Qxf5 22. Qg2 Be7 23. g6 hxg6 24. Rf1 Qd3 25. Nxd5 cxd5 26. Qxd5+ Kh8 27.
Qh1+ Kg8 28. Qd5+ Kh8 1/2-1/2

[Event "Bundesliga 0001"]
[Site "Deutschland"]
[Date "2001.02.17"]
[Round "8.7"]
[White "Blecken, Volker"]
[Black "Graf, Alexander"]
[Result "0-1"]
[WhiteElo "2275"]
[BlackElo "2642"]
[PlyCount "62"]
[EventDate "2000.10.14"]
[EventType "team"]
[EventRounds "15"]
[EventCountry "GER"]
[SourceTitle "Bundesliga 0001"]
[Source "DeepChess"]
[SourceDate "2005.01.01"]
[SourceVersion "1"]
[SourceVersionDate "2005.01.01"]
[SourceQuality "1"]
[WhiteTeam "SV Wattenscheid 1930"]
[BlackTeam "SG Porz e.V."]
[WhiteTeamCountry "GER"]
[BlackTeamCountry "GER"]

1. d4 g6 2. Nf3 Bg7 3. c4 d6 4. Nc3 Nc6 5. e3 e5 6. Be2 Nh6 7. d5 Ne7 8. e4 O-O
9. h4 f5 10. h5 f4 11. Ng5 Bf6 12. Ne6 Bxe6 13. hxg6 Bd7 14. Rxh6 hxg6 15. Bd2
Kg7 16. Rh2 Rh8 17. Rxh8 Qxh8 18. Bf3 g5 19. Be2 g4 20. Bf1 Qh1 21. Qe2 Ng6 22.
O-O-O a6 23. Qd3 Qg1 24. f3 g3 25. Kb1 Rh8 26. b4 Qb6 27. a3 Rh2 28. Qc2 Qf2
29. c5 dxc5 30. Na4 Bxa4 31. Qxa4 Rh1 0-1

[Event "Bundesliga 0001"]
[Site "Deutschland"]
[Date "2001.02.17"]
[Round "8.8"]
[White "Van den Doel, Erik"]
[Black "Thiel, Thomas"]
[Result "1-0"]
[WhiteElo "2547"]
[BlackElo "2301"]
[PlyCount "74"]
[EventDate "2000.10.14"]
[EventType "team"]
[EventRounds "15"]
[EventCountry "GER"]
[SourceTitle "Bundesliga 0001"]
[Source "DeepChess"]
[SourceDate "2005.01.01"]
[SourceVersion "1"]
[SourceVersionDate "2005.01.01"]
[SourceQuality "1"]
[WhiteTeam "SG Porz e.V."]
[BlackTeam "SV Wattenscheid 1930"]
[WhiteTeamCountry "GER"]
[BlackTeamCountry "GER"]

1. e4 e6 2. d4 d5 3. Nc3 Bb4 4. e5 c5 5. a3 Ba5 6. Qg4 Ne7 7. dxc5 Bxc3+ 8.
bxc3 Ng6 9. Nf3 O-O 10. Bd3 f5 11. exf6 Qxf6 12. Qd4 Nc6 13. Qxf6 gxf6 14. c4
d4 15. Be4 Nge7 16. Bh6 Rd8 17. Nd2 Kf7 18. Bd3 f5 19. f4 Rg8 20. Bg5 Ng6 21.
Nf3 e5 22. fxe5 Ngxe5 23. h4 Nxf3+ 24. gxf3 Ne5 25. Kf2 Re8 26. Rhb1 Nc6 27.
Rb5 Nd8 28. Rab1 Bd7 29. R5b2 Bc8 30. a4 a6 31. Bxd8 Rxd8 32. Rb6 Re8 33. Rd6
Re6 34. Kg3 Re5 35. Rd5 Kf6 36. Kf4 Rxd5 37. cxd5 Rb8 1-0

[Event "Bundesliga 0001"]
[Site "Deutschland"]
[Date "2001.02.17"]
[Round "8.1"]
[White "Rabiega, Robert"]
[Black "Kosten, Anthony C"]
[Result "0-1"]
[WhiteElo "2487"]
[BlackElo "2524"]
[PlyCount "124"]
[EventDate "2000.10.14"]
[EventType "team"]
[EventRounds "15"]
[EventCountry "GER"]
[SourceTitle "Bundesliga 0001"]
[Source "DeepChess"]
[SourceDate "2005.01.01"]
[SourceVersion "1"]
[SourceVersionDate "2005.01.01"]
[SourceQuality "1"]
[WhiteTeam "SK Koenig Tegel 1949 e.V. "]
[BlackTeam "TSV Schott Mainz"]
[WhiteTeamCountry "GER"]
[BlackTeamCountry "GER"]

1. e4 e5 2. Nf3 Nc6 3. Bc4 Bc5 4. d3 Nf6 5. O-O a6 6. c3 d6 7. Bb3 Ba7 8. Re1
O-O 9. h3 h6 10. Nbd2 Ne7 11. Nf1 Ng6 12. Ng3 Be6 13. d4 Re8 14. Bc2 c6 15. Be3
Qc7 16. Qc1 Kh7 17. Nf5 Ng8 18. Qd1 f6 19. Nh2 N6e7 20. Ng4 Nxf5 21. exf5 Bf7
22. dxe5 dxe5 23. Bxa7 Rxa7 24. Bb3 Raa8 25. Qc2 Rad8 26. Rad1 Kh8 27. Ne3 Bxb3
28. Qxb3 Ne7 29. a4 Nc8 30. Qc4 Nd6 31. Qg4 b5 32. axb5 axb5 33. Ra1 Ra8 34.
Rxa8 Rxa8 35. Rd1 Rd8 36. Qb4 Nb7 37. Ra1 Qd6 38. Qg4 Nc5 39. Qg6 Qe7 40. Re1
Nd3 41. Rb1 e4 42. Qg4 Ra8 43. Qd1 Qe5 44. g3 c5 45. Ra1 Rxa1 46. Qxa1 Kh7 47.
Qa2 c4 48. Qa7 Nxb2 49. Qf7 Nd3 50. Nd5 Qxf5 51. Ne7 Qxf2+ 52. Kh1 Qe1+ 53. Kh2
Qd2+ 54. Kg1 Qc1+ 55. Kh2 Qb2+ 56. Kg1 Qa1+ 57. Kh2 Qa2+ 58. Kg1 Qa8 59. Ng6
Qa1+ 60. Kh2 Qb2+ 61. Kg1 Qf2+ 62. Kh1 Qf3+ 0-1

[Event "Bundesliga 0001"]
[Site "Deutschland"]
[Date "2001.02.17"]
[Round "8.2"]
[White "Cicak, Slavko"]
[Black "Muse, Mladen"]
[Result "1/2-1/2"]
[WhiteElo "2543"]
[BlackElo "2510"]
[PlyCount "83"]
[EventDate "2000.10.14"]
[EventType "team"]
[EventRounds "15"]
[EventCountry "GER"]
[SourceTitle "Bundesliga 0001"]
[Source "DeepChess"]
[SourceDate "2005.01.01"]
[SourceVersion "1"]
[SourceVersionDate "2005.01.01"]
[SourceQuality "1"]
[WhiteTeam "TSV Schott Mainz"]
[BlackTeam "SK Koenig Tegel 1949 e.V. "]
[WhiteTeamCountry "GER"]
[BlackTeamCountry "GER"]

1. e4 c5 2. Nf3 d6 3. Bc4 Nf6 4. d3 Nc6 5. c3 g6 6. O-O Bg7 7. Bb3 O-O 8. Re1
Bg4 9. h3 Bxf3 10. Qxf3 Rb8 11. Be3 Nd7 12. Qd1 b5 13. a3 c4 14. Bc2 cxd3 15.
Bxd3 Nc5 16. Bf1 Qc7 17. Nd2 a5 18. Rc1 a4 19. Qc2 Na5 20. Rcd1 Rfd8 21. g3 e6
22. h4 Nd7 23. Nf3 Nc4 24. Bg5 Rdc8 25. Bf4 Nde5 26. Nxe5 dxe5 27. Bc1 Bf8 28.
Rd3 Qc6 29. Qe2 Rd8 30. Red1 Be7 31. h5 Rxd3 32. Rxd3 Rd8 33. Qd1 Rxd3 34. Bxd3
f5 35. Qe2 Bf6 36. f4 exf4 37. hxg6 hxg6 38. gxf4 Kf7 39. Qg2 Qd7 40. Be2 Be7
41. exf5 exf5 42. Qa8 1/2-1/2

[Event "Bundesliga 0001"]
[Site "Deutschland"]
[Date "2001.02.17"]
[Round "8.3"]
[White "Paulsen, Dirk"]
[Black "Lisanti, Andre"]
[Result "1-0"]
[WhiteElo "2431"]
[BlackElo "2300"]
[PlyCount "67"]
[EventDate "2000.10.14"]
[EventType "team"]
[EventRounds "15"]
[EventCountry "GER"]
[SourceTitle "Bundesliga 0001"]
[Source "DeepChess"]
[SourceDate "2005.01.01"]
[SourceVersion "1"]
[SourceVersionDate "2005.01.01"]
[SourceQuality "1"]
[WhiteTeam "SK Koenig Tegel 1949 e.V. "]
[BlackTeam "TSV Schott Mainz"]
[WhiteTeamCountry "GER"]
[BlackTeamCountry "GER"]

1. d4 d5 2. c4 dxc4 3. e4 Nf6 4. Nc3 e5 5. dxe5 Qxd1+ 6. Nxd1 Nxe4 7. Bxc4 Bb4+
8. Ke2 Nc6 9. Nf3 Be6 10. Bxe6 fxe6 11. Be3 Bc5 12. Rc1 b6 13. Rc4 Bxe3 14.
Nxe3 Nc5 15. b4 O-O 16. bxc5 b5 17. Rc2 a5 18. Rd1 a4 19. Nd4 Nxe5 20. Nxb5 Rf7
21. Rcd2 Raf8 22. f3 c6 23. Nd6 Ra7 24. Ndc4 Ng6 25. Rd7 Raa8 26. g3 Rfb8 27.
Rc7 Nf8 28. Ne5 Rb2+ 29. Rd2 a3 30. N3c4 Rb4 31. Nb6 Ra5 32. Nc8 Rxc5 33. Ne7+
Kh8 34. Nf7# 1-0

[Event "Bundesliga 0001"]
[Site "Deutschland"]
[Date "2001.02.17"]
[Round "8.4"]
[White "Vogler, Tilmann"]
[Black "Lipinsky, Fabian"]
[Result "0-1"]
[WhiteElo "2373"]
[BlackElo "2362"]
[PlyCount "92"]
[EventDate "2000.10.14"]
[EventType "team"]
[EventRounds "15"]
[EventCountry "GER"]
[SourceTitle "Bundesliga 0001"]
[Source "DeepChess"]
[SourceDate "2005.01.01"]
[SourceVersion "1"]
[SourceVersionDate "2005.01.01"]
[SourceQuality "1"]
[WhiteTeam "TSV Schott Mainz"]
[BlackTeam "SK Koenig Tegel 1949 e.V. "]
[WhiteTeamCountry "GER"]
[BlackTeamCountry "GER"]

1. d4 d5 2. Nc3 Bf5 3. Bg5 f6 4. Bh4 e6 5. e3 Bb4 6. g4 Bg6 7. Nf3 Ne7 8. Bg3
Nbc6 9. h4 O-O 10. h5 Be4 11. Bh3 e5 12. O-O Bxf3 13. Qxf3 exd4 14. Nb5 dxe3
15. Qxe3 Ba5 16. Rad1 a6 17. Nc3 d4 18. Qe6+ Kh8 19. Ne2 Bb6 20. Nf4 Ne5 21.
Qb3 Re8 22. h6 gxh6 23. Nh5 Rf8 24. Nxf6 N7g6 25. Nd5 Rf3 26. c3 d3 27. Nxb6
cxb6 28. Qe6 Qg5 29. Qxb6 Rg8 30. Rde1 Nf4 31. Qd6 Ne2+ 32. Kg2 Nc4 33. Qe6
Rxg3+ 34. fxg3 Ne3+ 35. Kh2 Nxf1+ 36. Rxf1 Qg7 37. Qf6 Qxf6 38. Rxf6 Rd8 39.
Rf1 d2 40. Rd1 Nc1 41. Bg2 Nxa2 42. Be4 Nc1 43. Bc2 b5 44. Kg1 Kg7 45. Kf2 Nd3+
46. Ke3 Nxb2 0-1